LEADER 01536nam 2200373 a 450 001 9910671393603321 005 20200615125526.0 035 $a(CKB)1000000000763585 035 $a(MH)008701974-4 035 $a(EXLCZ)991000000000763585 100 $a19990513d1999 uy 0 101 0 $aspa 200 10$aRégimen jurídico de la comarca en el sistema autonómico español /$fAntonio Javier Ferreira Fernández$b[electronic resource] 205 $a1. ed. 210 $aBarcelona $cCedecs Editorial$d1999 215 $a1 online resource (331 p. ) 225 1 $aCedecs derecho administrativo 311 $a84-95027-55-0 320 $aIncludes bibliographical references (p. 313-331). 410 0$aDerecho administrativo. 531 $aR.GIMEN JUR.DICO DE LA COMARCA EN EL SISTEMA AUTON.MICO ESPA.OL 606 $aSpanish autonomous communities 607 $aSpain$xAdministrative and political divisions 608 $aElectronic books 615 0$aSpanish autonomous communities. 700 $aFerreira Fernández$b Antonio Javier$f1966-$01336299 801 0$bDLC 801 1$bDLC 801 2$bDLC 906 $aBOOK 912 $a9910671393603321 996 $aRégimen jurídico de la comarca en el sistema autonómico español$93052427 997 $aUNINA 999 $aThis Record contains information from the Harvard Library Bibliographic Dataset, which is provided by the Harvard Library under its Bibliographic Dataset Use Terms and includes data made available by, among others the Library of Congress LEADER 03227nas 2200805-a 450 001 996206941203316 005 20240413013100.0 035 $a(DE-599)ZDB2420071-2 035 $a(CKB)1000000000223308 035 $a(CONSER)--2001238119 035 $a(EXLCZ)991000000000223308 100 $a20010210a20009999 -f- - 101 0 $aeng 181 $ctxt$2rdacontent 182 $cc$2rdamedia 183 $acr$2rdacarrier 200 00$aEuropean competitiveness report $eworking document of the services of the European Commission 210 $aLuxembourg $cOffice for Official Publications of the European Communities ;$aLanham, Md. $cBernan Associates [distributor]$d2000- 215 $a1 online resource 225 1 $a2000-2001: Enterprise policy 225 1 $a2002-2003: Enterprise publications 225 0 $aEnterprise and industry publications 225 0 $aCompetitiveness and benchmarking 225 1 $a<2008-> : Enterprise and industry 300 $aSubtitle varies: Commission staff working document, 2001-<2004> 311 08$aPrint version: European competitiveness report : 1682-0800 (DLC) 2001238119 (OCoLC)45889913 410 0$aEnterprise policy. 410 0$aEnterprise publications. 410 0$aEnterprise and industry. 517 3 $aWorking document of the services of the European Commission 517 3 $aCommission staff working document 606 $aIndustrial productivity$zEuropean Union countries$vPeriodicals 606 $aIndustrial policy$zEuropean Union countries$vPeriodicals 606 $aCompetition$zEuropean Union countries$vPeriodicals 606 $aProductivité$zPays de l'Union européenne$vPériodiques 606 $aPolitique industrielle$zPays de l'Union européenne$vPériodiques 606 $aCompétitivité (Économie)$zPays de l'Union européenne$vPériodiques 606 $a83.67 industry$2bcl 606 $aCompetition$2fast$3(OCoLC)fst00871464 606 $aIndustrial policy$2fast$3(OCoLC)fst00971433 606 $aIndustrial productivity$2fast$3(OCoLC)fst00971502 606 $aIndustrie$2gtt 606 $aConcurrentiebeleid$2gtt 606 $aConcurrentiepositie$2gtt 606 $aEuropese Unie$2gtt 607 $aEuropean Union countries$2fast 608 $aPeriodicals.$2fast 608 $aPeriodicals.$2lcgft 615 0$aIndustrial productivity 615 0$aIndustrial policy 615 0$aCompetition 615 6$aProductivité 615 6$aPolitique industrielle 615 6$aCompétitivité (Économie) 615 7$a83.67 industry. 615 7$aCompetition. 615 7$aIndustrial policy. 615 7$aIndustrial productivity. 615 17$aIndustrie. 615 17$aConcurrentiebeleid. 615 17$aConcurrentiepositie. 615 17$aEuropese Unie. 712 02$aEuropean Commission.$bEnterprise DG. 712 02$aEuropean Commission.$bEnterprise and Industry Directorate-General. 712 02$aEuropean Commission.$bEnterprise and Industry Directorate-General.$bUnit B4, Economic Analysis and Evaluation. 906 $aJOURNAL 912 $a996206941203316 920 $aexl_impl conversion 996 $aEuropean competitiveness report$91027765 997 $aUNISA